Suid-Afrikaaanse Domisilie (Record no. 547)
[ view plain ]
| 000 -LEADER | |
|---|---|
| fixed length control field | 00437nam a22001697a 4500 |
| 005 - DATE AND TIME OF INPUT | |
| control field | 20231113074848.0 |
| 008 - DATA ELEMENTS--GENERAL INFORMATION | |
| fixed length control field | 231113b |||||||| |||| 00| 0 eng d |
| 020 ## - INTERNATIONAL STANDARD BOOK NUMBER | |
| International Standard Book Number | 0797014357 |
| 041 ## - LANGUAGE CODE | |
| Language code of text | Afrikaans |
| 082 ## - SHELF NUMBER | |
| DDC number | 346 SOU |
| 100 ## - MAIN AUTHOR | |
| Language of a work | Afrikaans |
| 245 ## - TITLE STATEMENT | |
| Title | Suid-Afrikaaanse Domisilie |
| 260 ## - PUBLICATION, DISTRIBUTION, ETC. | |
| Date of publication, distribution, etc. | 1987 |
| 300 ## - PHYSICAL DESCRIPTION | |
| Other physical details | xiii, 111 pages ; |
| Dimensions | 30,4 cm. |
| 650 ## - SUBJECT` | |
| Broad subject | Legal practice |
| Own subject terms | Law |
| 942 ## - ADDED ENTRY ELEMENTS (KOHA) | |
| Item type | Books |
| 942 ## - ADDED ENTRY ELEMENTS (KOHA) | |
| -- | ALISON_BN_VRIES |
| Source of classification or shelving scheme | Not for loan | Collection code | Home library | Current library | Shelving location | Date acquired | Full call number | Barcode | Price effective from | Koha item type |
|---|---|---|---|---|---|---|---|---|---|---|
| Dewey Decimal Classification | TEXT BOOKS | LAW SOCIETY OF NAMIBIA LIBRARY - WINDHOEK | LAW SOCIETY OF NAMIBIA LIBRARY - WINDHOEK | Criminal law and procedures | 11/13/2023 | 346 SOU | LSN/1989/14 | 11/13/2023 | Books |
